Belfast International Airport Destinations (Belfast, UK) - Statistics

General Stats
  • This quiz has been taken 594 times
    134 since last reset
  • The average score is 39 of 67
Answer Stats
Airline Destination % Correct
easyJet/Ryanair Manchester
98%
easyJet London (Gatwick)
96%
easyJet London (Luton)
96%
easyJet/Ryanair London (Stansted)
96%
easyJet/Ryanair Edinburgh
95%
easyJet Glasgow
94%
easyJet Barcelona
93%
easyJet Liverpool
92%
easyJet Birmingham
91%
easyJet Paris (Charles de Gaulle)
91%
easyJet Amsterdam
87%
easyJet/Jet2.com/Ryanair Malaga
86%
easyJet Newcastle upon Tyne
84%
easyJet/Jet2.com/Ryanair Alicante
82%
easyJet Leeds/Bradford
82%
easyJet/Jet2.com/Ryanair/TUI Airways Palma de Mallorca
82%
easyJet Bristol
81%
easyJet/Jet2.com Ibiza
78%
easyJet/Jet2.com/TUI Airways Tenerife (South)
78%
easyJet Nice
76%
Ryanair Porto
75%
easyJet/Jet2.com/Ryanair Faro
73%
Jet2.com Vienna
73%
easyJet/Jet2.com Gran Canaria
69%
easyJet Geneva
68%
easyJet/Jet2.com/Ryanair Krakow
68%
Ryanair Budapest
67%
easyJet/Jet2.com Prague
67%
easyJet Lyon
65%
Jet2.com/Ryanair Malta
64%
Ryanair Valencia
62%
easyJet/Jet2.com Menorca
61%
easyJet/TUI Airways Corfu
58%
Jet2.com Reykjavik
58%
easyJet/Jet2.com/TUI Airways Rhodes
56%
easyJet Bordeaux
55%
Jet2.com Dubrovnik
55%
Jet2.com/TUI Airways Heraklion
55%
easyJet/Jet2.com/Ryanair/TUI Airways Lanzarote
55%
Jet2.com Zakynthos
54%
Jet2.com Funchal
53%
easyJet/Jet2.com Fuerteventura
51%
easyJet/Jet2.com/TUI Airways Antalya
48%
TUI Airways Kos
48%
easyJet Southampton
48%
easyJet Marrakesh
46%
Ryanair East Midlands
45%
easyJet/TUI Airways Larnaca
42%
Ryanair Gdansk
40%
easyJet Jersey
40%
Jet2.com Paphos
40%
Jet2.com Bodrum
39%
easyJet/Jet2.com/TUI Airways Dalaman
36%
Ryanair/TUI Airways Turin
36%
Ryanair Girona
35%
easyJet Hurghada
34%
Jet2.com Verona
33%
easyJet/Jet2.com/TUI Airways Reus
29%
Jet2.com/TUI Airways Salzburg
28%
Ryanair Bergamo
26%
Ryanair Beauvais
24%
easyJet Enfidha
22%
TUI Airways Cancun
15%
TUI Airways Melbourne/Orlando
11%
Ryanair Kaunas
9%
TUI Airways Punta Cana
8%
Jet2.com Plovdiv
5%
No matching quizzes found
Score Distribution
Percent of People with Each Score
Percentile by Number Answered
Your Score History
You have not taken this quiz since the last reset